LEADER 01084nam a2200253 4500 001 000000348080 003 CaOOAMICUS 005 20211129124934.0 008 211008s1976 it 000 u ita r 040 $aSeMil$bita 100 1 $aLeopardi, Giacomo,$d<1798-1837>.$0(OLS)http://semarc/name/1218 245 10$aOperette morali /$cGiacomo Leopardi ; cronologia, introduzione, note a cura di Saverio Orlando. 264 1$aMilano :$bRizzoli,$c1976. 300 $a372 p. ;$c18 cm 490 1 $aBiblioteca Universale Rizzoli 650 4$aLeopardi, Giacomo <1798-1837> . Operette morali.$0(OLS)http://semarc/subject/51306 700 1 $aOrlando, Saverio.$0(OLS)http://semarc/name/86589 830 0$aBiblioteca Universale Rizzoli.$0(OLS)http://semarc/title/7348 850 $aSeMil 852 $aSeMil$W1$xVenegono$y1$m1C I 256$j229667$B239121$CSeMilBibl$Z2$F239121 $81 961 $aConti don Gildo - Omaggio 996 $6245$aOperette morali$9(OLS)http://semarc/title/44240 996 $6264$aMilano :$bRizzoli$9(OLS)http://semarc/publisher/29824 LEADER 00979nam a2200205 i 4500 001 000000239160 003 CaOOAMICUS 005 20150220000000.0 008 150220s1730 it u000 u fre u 013 $a218065 026 $a75es res. leme "d"l (3) 1730 (R) 040 $aSeMil$bita 245 10$aTome 3. 300 $a[8], 804, [4] p. 500 $aSegn. : a4 A-3D8 3E4. 773 0 $aSimon, Richard <1638-1712>$tCritique de la bibliotheque des auteurs ecclesiastiques et des prolegomes de la bible publiez par M. Elies Du-Pin; avec des eclaircissemens & des supplémens .. par feu M. Richard Simon. Avec des remarques. Tome 1. [-4.].$dA Paris : Chez Etienne Ganeau, libraire juré de l'université, ruë Saint Jacques, près la ruë du Plâtre, aux Armes de Dombes, 1730.$g3$w()31458 850 $aSeMil 852 $aSeMil$W1$xVenegono$y1$m3D II 94 FA$j189506$B189506$CSeMilBibl$Z2$F200301 $8I 961 $aRecupero: Altro 996 $6245$aTome 3$9(OLS)http://semarc/title/1575